Catalytic chemistry / (Record no. 4483)
[ view plain ]
| 000 -LEADER | |
|---|---|
| fixed length control field | 00884nac a22002531u 4500 |
| 010 ## - | |
| -- | 91004192 |
| 020 ## - INTERNATIONAL STANDARD BOOK NUMBER | |
| International Standard Book Number | 0471517615 (cloth) |
| 020 ## - INTERNATIONAL STANDARD BOOK NUMBER | |
| International Standard Book Number | 0471559148 |
| 082 00 - DEWEY DECIMAL CLASSIFICATION NUMBER | |
| Classification number | 541.395 |
| Item number | G2591 |
| 090 ## - LOCALLY ASSIGNED LC-TYPE CALL NUMBER (OCLC); LOCAL CALL NUMBER (OCLC) | |
| -- | 4483 |
| -- | 4483 |
| 100 ## - MAIN ENTRY--PERSONAL NAME | |
| Personal name | Gates, Bruce C. |
| 245 10 - TITLE STATEMENT | |
| Title | Catalytic chemistry / |
| Statement of responsibility, etc | Bruce C. Gates. |
| 260 ## - | |
| -- | New York : |
| -- | Wiley, |
| -- | c1992. |
| 300 ## - PHYSICAL DESCRIPTION | |
| Extent | xxi, 458 p. : |
| Other physical details | ill. ; |
| Dimensions | 25 cm. |
| 336 ## - CONTENT TYPE | |
| Source | rdacontent |
| Content type term | text |
| Content type code | txt |
| 337 ## - MEDIA TYPE | |
| Media type term | unmediated |
| Source | rdamedia |
| Media type code | n |
| 338 ## - CARRIER TYPE | |
| Carrier type term | volume |
| Carrier type code | nc |
| Source | rdacarrier |
| 500 ## - GENERAL NOTE | |
| General note | includes chemical table elements |
| 504 ## - BIBLIOGRAPHY, ETC. NOTE | |
| Bibliography, etc | Includes bibliographical references and index. |
| 650 #0 - SUBJECT ADDED ENTRY--TOPICAL TERM | |
| Topical term or geographic name as entry element | Catalysis. |
| 856 42 - ELECTRONIC LOCATION AND ACCESS | |
| Materials specified | Publisher description |
| Uniform Resource Identifier | <a href="http://www.loc.gov/catdir/description/wiley032/91004192.html">http://www.loc.gov/catdir/description/wiley032/91004192.html</a> |
| 856 42 - ELECTRONIC LOCATION AND ACCESS | |
| Materials specified | Table of Contents |
| Uniform Resource Identifier | <a href="http://www.loc.gov/catdir/toc/onix02/91004192.html">http://www.loc.gov/catdir/toc/onix02/91004192.html</a> |
| 942 ## - ADDED ENTRY ELEMENTS (KOHA) | |
| Koha item type | Book - Borrowing |
| Call number prefix | 541.395G2591 |
| Classification part | RDA-MOD |
| Withdrawn status | Lost status | Source of classification or shelving scheme | Damaged status | Not for loan | Home library | Current library | Shelving location | Date acquired | Source of acquisition | Total Checkouts | Full call number | Barcode | Date last seen | Koha item type |
|---|---|---|---|---|---|---|---|---|---|---|---|---|---|---|
| Dewey Decimal Classification | Central Library | Central Library | First floor | 09/09/2007 | Purchase | 541.395 GAT | 000005326 | 15/07/2025 | Book - Borrowing |